000
00359nam a2200169Ia 4500
008
150909s9999 xx 000 0 und d
041
_a
English
082
_a
580
082
_b
BOS/MA
100
_a
Bose G C
100
_e
Author
245
_a
Manual of Indian botany
260
_a
India
260
_b
Cosmo books
650
_a
Botany
942
_c
BK
999
_c
251876
_d
251876